00477nam a2200145 a 45000010005000000030005000050050017000100080041000270200015000680400020000831110049001032450113001522600039002654900027003041616CDMR20130315113421.0130130s2002||||||||||||||||||||||||||||d a8484960927 aCDMRbcatcCDMR2 aJornades Antoni VaréscGironad2002n7enes10aImatge i recercacJORNADES ANTONI VARÉS (VII: Girona: 2002)b: ponències, experiències i comunicacions aGironac2002bAjuntament de Girona0 aTextos i documentsv11